| 000 | 00608nam a2200193Ia 4500 | ||
|---|---|---|---|
| 003 | GCL | ||
| 008 | 140319s9999 xx 000 0 ara d | ||
| 040 |
_aGCL / _cGCL |
||
| 082 | 0 | 4 |
_a153.3 _bا ا |
| 100 | 1 | _aانور محمد الشرقاوى | |
| 245 | 1 | 0 |
_aالابتكار وتطبيقاته ج1 , ج2 / _cانور محمد الشرقاوى |
| 300 | _aمتعدد | ||
| 490 |
_aعلم النفس المعرفى الكتاب الثانى _v0 |
||
| 650 | 0 | 4 | _aعلم النفس |
| 650 | 0 | 4 | _aالابتكار |
| 650 | 0 | 4 | _aالابداع |
| 650 | 0 | 4 | _aالمناهج الدراسية |
| 942 |
_2ddc _cBK |
||
| 999 |
_c44337 _d44337 |
||